One City to Rule them All - Statistics

General Stats
  • This quiz has been taken 38 times
    13 since last reset
  • The average score is 3 of 10
Answers on the Grid
Answers color-coded by a green-red scale on the quiz's grid according to % correct below.
Uruguay
Kuwait
Singapore
Mongolia
Argentina
Iceland
Djibouti
Panama
Lebanon
South Korea
USA
New Zealand
Australia
India
Turkey
Brazil
Chile
Costa Rica
Portugal
Israel
Belgium
Egypt
China
Japan
 
Answer Stats
Answer % Correct
Singapore
60%
South Korea
60%
Iceland
40%
Kuwait
40%
Mongolia
30%
Panama
30%
Uruguay
30%
Djibouti
20%
Lebanon
10%
Argentina
0%
No matching quizzes found
Score Distribution
Percent of People with Each Score
Percentile by Number Answered
Your Score History
You have not taken this quiz since the last reset